Detalles MARC
| 000 -CABECERA |
| campo de control de longitud fija |
00943nam a2200229 a 4500 |
| 001 - NÚMERO DE CONTROL |
| campo de control |
000041367 |
| 005 - FECHA Y HORA DE LA ÚLTIMA TRANSACCIÓN |
| campo de control |
20201002034828.0 |
| 008 - DATOS DE LONGITUD FIJA--INFORMACIÓN GENERAL |
| campo de control de longitud fija |
131001s2001 sp abc 000 0 spa d |
| 020 ## - NÚMERO INTERNACIONAL ESTÁNDAR DEL LIBRO |
| Número Internacional Estándar del Libro |
8400063058 |
| 040 ## - FUENTE DE LA CATALOGACIÓN |
| Centro catalogador/agencia de origen |
DO-SdBNP |
| Lengua de catalogación |
spa |
| Centro/agencia transcriptor |
BNPHU |
| 082 ## - NÚMERO DE LA CLASIFICACIÓN DECIMAL DEWEY |
| Número de clasificación |
xxx |
| Número de documento/Ítem |
xxxx |
| 100 1# - ENTRADA PRINCIPAL--NOMBRE DE PERSONA |
| Nombre de persona |
Heredia Moreno, María del Carmen |
| 9 (RLIN) |
68017 |
| 245 13 - MENCIÓN DE TÍTULO |
| Título |
La edad de oro de la platería complutense : |
| Resto del título |
(1500-1650) / |
| Mención de responsabilidad, etc. |
María del Carmen Heredia Moreno, Amelia López-Yarto Elizalde. |
| 260 ## - PUBLICACIÓN, DISTRIBUCIÓN, ETC. |
| Lugar de publicación, distribución, etc. |
Madrid, España : |
| Nombre del editor, distribuidor, etc. |
Departamento de historia del arte |
| -- |
Instituto de historia |
| -- |
Consejo superior de investigaciones científicas, |
| Fecha de publicación, distribución, etc. |
2001. |
| 300 ## - DESCRIPCIÓN FÍSICA |
| Extensión |
365 p. : |
| Otras características físicas |
il., map. retr. ; |
| Dimensiones |
28 cm. |
| 490 1# - MENCIÓN DE SERIE |
| Mención de serie |
Biblioteca de historia del arte |
| Designación de volumen o secuencia |
3 |
| 504 ## - NOTA DE BIBLIOGRAFÍA, ETC. |
| Nota de bibliografía, etc. |
Bibliografía p: 336-344 |
| 500 ## - NOTA GENERAL |
| Nota general |
Incluye índice de piezas |
| 500 ## - NOTA GENERAL |
| Nota general |
Incluye índice de ilustraciones |
| 700 1# - PUNTO DE ACCESO ADICIONAL--NOMBRE DE PERSONA |
| Nombre de persona |
López-Yarto Elizalde, Amelia |
| 9 (RLIN) |
68018 |
| 830 #0 - PUNTO DE ACCESO ADICIONAL DE SERIE-TÍTULO UNIFORME |
| Título uniforme |
Biblioteca de historia del arte |
| Designación de volumen o secuencia |
3 |
| 9 (RLIN) |
67935 |